[Event "Dortmund 45th"]
[Site "Dortmund"]
[Date "2017.07.23"]
[Round "7"]
[White "Andreikin, Dmitry"]
[Black "Vachier Lagrave, Maxime"]
[Result "0-1"]
[WhiteElo "2712"]
[BlackElo "2791"]
[Annotator "Mekhitarian,K"]
[PlyCount "104"]
[EventDate "2017.07.15"]
[EventType "tourn"]
[EventRounds "7"]
[EventCountry "GER"]
[EventCategory "19"]
[SourceTitle "CBM 180"]
[Source "ChessBase"]
[SourceDate "2017.09.13"]
[SourceVersion "1"]
[SourceVersionDate "2017.09.13"]
[SourceQuality "1"]

1. e4 c5 2. b3 $5 {Andreikin is a very creative player and constantly goes for
less known variations, something even more expected when he's facing one of
the best opening specialists in the circuit today, Maxime Vachier-Lagrave.} g6
$1 {A very good recommendation against the b3 variation.} 3. Bb2 Nf6 4. e5 {
The most logical response.} (4. Bxf6 exf6 {White would prefer to have the pawn
on e3 in a position like this, because of the control of the dark squares} 5.
Nc3 Bg7 6. Bc4 O-O $15 {0-1 (20) Senders,M (2319)-Reinderman,D (2571)
Netherlands 2016; following with ...Nc6 and ...f5 next, Black should be happy
here.}) (4. Qf3 Bg7 (4... d6 $5 5. Bb5+ Nbd7 6. Bxf6 exf6 $13) 5. e5 Ng8 6. e6
{threatening mate} Nf6 7. exf7+ Kxf7 8. g4 h6 9. Nc3 d5 10. h3 $13 {½-½ (58)
Short,N (2677)-Jones,G (2653) Bunratty 2012, with a very weird position.}) (4.
Nc3 Bg7 {threatening ...Nxe4} 5. e5 Nh5 6. Ne4 Nc6 7. Nxc5 Nxe5 (7... d6 $1 $17
) 8. d4 Nc6 9. Qd2 d6 $15 {1/2-1/2 (63) Bregadze,L (2483)-Chandra,A (2495)
Saint Louis 2015. Black is doing fine anyway.}) 4... Nd5 5. Nc3 (5. e6 f6 {
is pretty safe for Black, as the world champion himself played in 2015:} 6.
exd7+ Qxd7 7. Nc3 Nc6 8. Bb5 Nc7 9. Bxc6 Qxc6 10. Qf3 Bd7 11. O-O-O e5 12. Qxc6
Bxc6 $17 {0-1 (37) Aravindh,C (2486)-Carlsen,M (2834) Doha 2015 The game was
very complex and White even achieved an advantage, but the opening experiment
clearly failed.}) (5. Bc4 Nb6 6. e6 f6 7. exd7+ Qxd7 8. Bd3 Bg7 9. Nc3 e5 10.
Nge2 O-O 11. a4 a5 12. O-O Nc6 $15 {0-1 (58) McShane,L (2696)-Mchedlishvili,M 
(2631) Warsaw 2013}) 5... Nxc3 6. Bxc3 Bg7 7. h4 d5 $146 (7... O-O 8. h5 d5 {
also very logical} 9. exd6 {would be similar to the game, White having played
h5 instead of 9.dxe7, as Andreikin did} (9. f4 $6 Nc6 10. Nf3 Bg4 11. h6 Bh8
12. Rh4 Qd7 $17 {0-1 (77) Gelashvili,T (2563)-Yilmaz,M (2630) Minsk 2017})) 8.
exd6 {A necessary move.} O-O $1 {White doesn't have any development; this
looks very logical.} 9. dxe7 (9. h5 {would transpose to the 7...O-O analysis.})
9... Re8 10. Qf3 (10. Bc4 $6 Rxe7+ 11. Ne2 Nc6 $44 {looks bad for White;
castling kingside has to be bad with the h4-pawn already there.}) 10... Qxe7+ (
10... Rxe7+ $5 {was another way to play it} 11. Ne2 Bxc3 12. Qxc3 Nc6 13. O-O-O
Bf5 14. Kb2 Nb4 15. h5 $5 {with the rook on e7, Black has to be watching for h6
} Bxc2 16. hxg6 Bxg6 17. Nf4 {and I don't know anymore who's attacking} Nd5 18.
Nxd5 Qxd5 19. Bc4 $13 {with an unclear position.}) 11. Ne2 Nc6 12. Bxg7 Kxg7
13. O-O-O Qe5 14. Qc3 (14. c3 {it doesn't look healthy to weaken the queenside
like this, but it was a possible move, White also has attacking possibilities,
if he is able to control Black's initiative} a5 $1 {good and logical} 15. Ng3
h5 $1 {like the 14.c3 move, this is necessary, making the h1-rook and the
g3-knight passive. It is worth losing a tempo for that, and there is an
important ...Bg4 threat} (15... a4 $6 16. Bc4 {a multi-purpose move, helping
the defence and attacking f7} Qe7 17. h5 $16 {white is getting there fast!})
16. Bc4 Qc7 $1 17. Rde1 Bg4 $36 {keeping the initiative.}) (14. Kb1 Bf5 (14...
a5 $6 15. Qe3 $1 {exchanging queens, taking advantage of the hanging rook on e8
}) 15. Qc3 Nd4 16. Nxd4 cxd4 17. Qf3 h5 $1 18. Bc4 d3 $1 $36) 14... Nd4 $1 15.
Nxd4 cxd4 16. Qf3 (16. Qb4 $5) 16... d3 {Black has to keep the initiative
somehow.} 17. c3 h5 $1 18. Bxd3 (18. Qxd3 $6 Bf5 19. Qg3 Qxg3 20. fxg3 Bg4 $1
$17 {and the rook is trapped.}) (18. Qe3 $5 {now Black has the option to
choose between a draw and a weird endgame} Qa5 (18... Bf5 {Black may try to
play this endgame, with the weak f1-bishop} 19. Qxe5+ Rxe5 20. Rg1 $1 {
following with f3 and g4} Rd8 21. f3 Kf6 22. g4 Be6 23. Rg2 {White will play
Rf2 and try to develop with Bg2 at some point} Rd6 $44) 19. Qxe8 Qxa2 20. Qe5+
Kg8 21. Bxd3 Qa3+ {and White can't escape the perpetual check} 22. Kb1 Qxb3+
23. Ka1 Qa3+ 24. Kb1 Qb3+ 25. Ka1 $11) 18... Bg4 19. Qxb7 Rab8 20. Qa6 (20.
Qxa7 $6 Ra8 $1 {getting a2 back.}) 20... Bxd1 21. Rxd1 {White has three pawns
for the exchange, but the position remains quite open, which is scary when
your opponent has an additional rook for your bishop. In the next moves, we
have dozens of options on every single move, since the position is completely
open. Surprisingly both players go on to choose the computer's 1st suggestion
almost always, just showing how strong they are.} Qf4 {[%csl Rf2,Rh4]} 22. Qxa7
Ra8 23. Qc5 (23. g3 $5 Qd6 24. Qd4+ Qxd4 25. cxd4 Rxa2 26. Bc4 $11 {with
balanced chances in the endgame.}) 23... Rxa2 24. Bb1 (24. Qd4+ $5 {similar to
23.g3.}) 24... Raa8 25. g3 Qf3 26. Qd4+ Kg8 27. Qf4 Qb7 (27... Qxf4 28. gxf4 {
a very original endgame! I would be scared with either colour.}) 28. b4 $2 {
The first real mistake.} (28. Kb2 $1 Qa7 29. Qc4 Qa3+ 30. Kc2 $13) 28... Qa6 $5
(28... Ra1 $1 $17 29. Qd4 Qa8 {and Black has a scary attack.}) 29. Qf3 Qa3+ 30.
Kc2 Rac8 31. g4 $2 (31. Qd5 $1 {was a nice way to deal with the pawn loss} Qxb4
32. Ba2 Re7 33. f4 $36 {trying to follow with f5.}) 31... Rc4 $1 32. Qd5 Rxb4
33. Qa2 (33. cxb4 Rc8+ 34. Qc5 Rxc5+ 35. bxc5 Qxc5+ $19 {and Black wins easily
after taking on g4.}) 33... Qxa2+ 34. Bxa2 Rxg4 $19 {There is still play, but
MVL concluded the game with confidence from now on.} 35. Bd5 Rxh4 36. c4 Rf4
37. d4 Rxf2+ {Now suddenly Black is a pawn up! on the other hand, White's
pawns are marching.} 38. Kc3 h4 39. c5 Re3+ 40. Kc4 Rc2+ 41. Kb5 h3 42. c6 h2
43. Kb6 Rg3 44. Be4 Rc4 45. Rd2 Rh3 46. Bh1 Rc1 47. Bg2 h1=Q 48. Bxh1 Rhxh1 49.
d5 Rc3 50. Rb2 Rd1 51. Rb5 Kf8 52. Kc7 Ke7 {With the pawns controlled, White
has to resign.} 0-1

[Event "Paks Atom Cup GM 2nd"]
[Site "Paks"]
[Date "1997.??.??"]
[Round "11"]
[White "Batsanin, Dmitry"]
[Black "Roeder, Mathias"]
[Result "1-0"]
[WhiteElo "2300"]
[BlackElo "2460"]
[Annotator "Petronic,J"]
[PlyCount "79"]
[EventDate "1997.09.??"]
[EventType "tourn"]
[EventRounds "11"]
[EventCountry "HUN"]
[EventCategory "8"]
[SourceTitle "EXT 2001"]
[Source "ChessBase"]
[SourceDate "2000.11.22"]
[SourceVersion "1"]
[SourceVersionDate "2000.11.22"]
[SourceQuality "1"]

{70/124} 1. e4 c5 2. g3 (2. b3 {- 70/(124)}) 2... Nc6 3. Bg2 g6 4. d3 Bg7 5. f4
d6 6. Nf3 e5 (6... e6 {- 70/(124)}) 7. c3 Nge7 8. O-O O-O 9. Na3 Rb8 10. f5 $1
$146 (10. Be3 {- 56/156}) 10... gxf5 11. Nh4 $1 fxe4 12. dxe4 Be6 13. Nf5 Qd7
$2 (13... Bxf5 14. exf5 f6 15. Bd5+ Nxd5 (15... Kh8 16. Nc4 Nd4 $1 17. Bg2
Ndxf5 18. Qh5 d5 19. Rxf5 dxc4 20. Be4 Qe8 21. Qh3 Qd7 22. Be3 b6 23. Raf1 $44)
16. Qxd5+ Rf7 17. Nc4 Bf8 18. a4 $44) 14. Nxg7 Kxg7 15. Qh5 $1 Ng8 $2 (15...
Kh8 $8 16. Bh6 (16. Rf6 Bg4 $1 (16... Ng8 $2 17. Bg5 $1 $18) 17. Qh4 Ng6 18.
Qh6 Nce7 $13) 16... Rg8 $8 17. Bg5 Rg6 18. Bf6+ Kg8 19. Nc2 $16) 16. Rf6 $3 $18
Nce7 (16... Kxf6 17. Qg5#) (16... Nxf6 17. Qg5+ Kh8 18. Qxf6+ Kg8 19. Bh6) (
16... Kh8 17. Bg5 Nce7 18. Rh6 $1) (16... Qe7 17. Bg5 Kh8 18. Raf1 b5 (18...
Bxa2 19. Bh3) 19. Bh3 $3 Bxh3 (19... b4 20. Rxe6) 20. Rxf7 Rxf7 21. Rxf7 Qxf7
22. Qxf7) (16... Qd8 17. Bg5 Bg4 18. Qxg4 Nxf6 19. Qh4) 17. Rh6 $1 Rfc8 (17...
Nxh6 18. Bxh6+ Kh8 19. Qg5 Nf5 20. Qf6+ Kg8 21. exf5) 18. Rxh7+ Kf8 19. Bg5 $1
Ng6 (19... Ke8 20. Bh3 $5 Bxh3 21. Qxf7+ Kd8 22. Qxg8+ Kc7 23. Qf7) 20. Rf1 Ke8
21. Rg7 N8e7 22. Qh7 Nf8 (22... Kd8 23. Bh3 $1 Bxh3 24. Rfxf7) 23. Qh8 b5 (
23... Qc7 24. Bh3) 24. Bh3 $1 (24. Bh6 Kd8 25. Rfxf7 Bxf7 26. Qxf8+ Kc7 27.
Qxf7 Re8 28. Bg5 $18) 24... Bxh3 (24... Rc7 25. Bh6 $1 Qc8 26. Rgxf7) 25. Rgxf7
Qe6 26. Qxf8+ Kd7 27. Rxe7+ Kc6 28. Qf3 Qxa2 29. Rd1 Qb3 30. Qd3 Rd8 31. Rh7
Bg4 32. Rd2 a6 33. Rh6 $138 Be6 34. Bxd8 Rxd8 35. Nc2 Qa2 36. Qf3 Rd7 37. Ne3
a5 38. Kg2 b4 39. cxb4 axb4 40. Qf6 1-0

[Event "St Petersburg-ch"]
[Site "St Petersburg"]
[Date "1997.03.11"]
[Round "6"]
[White "Vorotnikov, Vladislav V"]
[Black "Cherepkov, Alexander V"]
[Result "1-0"]
[WhiteElo "2495"]
[BlackElo "2395"]
[Annotator "Petursson,M"]
[PlyCount "71"]
[EventDate "1997.03.04"]
[EventType "swiss"]
[EventRounds "9"]
[EventCountry "RUS"]
[SourceTitle "CBM 058"]
[Source "ChessBase"]
[SourceDate "1997.06.01"]
[SourceVersion "1"]
[SourceVersionDate "1997.06.01"]
[SourceQuality "1"]

1. e4 c5 2. d3 Nc6 3. g3 e6 4. Bg2 Nf6 5. f4 Be7 6. Nf3 O-O 7. O-O b6 8. Nc3
Bb7 9. h3 Ne8 10. f5 Nc7 11. g4 f6 12. Bd2 b5 13. Ne2 Ne5 14. Nf4 Nxf3+ 15.
Qxf3 b4 16. h4 Bd6 17. Qf2 Rb8 18. Be3 Qe7 19. Rae1 Nb5 20. Nh5 Nd4 21. Bf4
Bxf4 22. Nxf4 Nc6 23. Re3 Ne5 24. Rg3 Nf7 25. Nh5 h6 {[%tqu "En","What is the
strongest continuation here?","It's time to break through!","Sacrifice a pawn
to open the way to his king!","g4g5","TOUGH GUY!  Go for his throat!",18]} 26.
g5 $1 hxg5 (26... fxg5 $2 27. f6 gxf6 28. Qxf6 Qxf6 29. Nxf6+ Kg7 30. Nxd7 $18)
27. hxg5 Nxg5 {[%tqu "En","Now, how do you continue?","Undermine his knight on
g5 by attacking the f6 pawn","Push that center pawn!","e4e5","GREAT!  You are
in an attacking mood today!",16]} 28. e5 Bxg2 (28... Qf7 29. Nxf6+ $1 gxf6 30.
Bxb7 Rxb7 31. exf6 Qxf6 32. fxe6 Qxf2+ 33. Rxf2 dxe6 34. Rxg5+ Rg7 35. Rfg2
Rxg5 36. Rxg5+ Kf7 37. Rxc5 $16) 29. Qxg2 exf5 30. exf6 gxf6 {[%tqu "En","Can
you find the winning move here?","Who his protecting the knight on g5?  Answer:
The pawn on f6","Take the pawn that defends the knight","h5f6","GREAT!   He is
not going to last long now!",10]} 31. Nxf6+ Rxf6 32. Rxg5+ Kh7 33. Rh5+ Rh6 34.
Rxh6+ Kxh6 35. Qh2+ Kg6 36. Qxb8 1-0

[Event "Olympiad-33"]
[Site "Elista"]
[Date "1998.10.12"]
[Round "13.1"]
[White "Fedorov, Alexei"]
[Black "Illescas Cordoba, Miguel"]
[Result "1-0"]
[WhiteElo "2600"]
[BlackElo "2605"]
[Annotator "Petursson,M"]
[PlyCount "71"]
[EventDate "1998.09.29"]
[EventType "team-swiss"]
[EventRounds "13"]
[EventCountry "RUS"]
[SourceTitle "CBM 068"]
[Source "ChessBase"]
[SourceDate "1999.02.01"]
[SourceVersion "1"]
[SourceVersionDate "1999.02.01"]
[SourceQuality "1"]
[WhiteTeam "Belarus"]
[BlackTeam "Spain"]
[WhiteTeamCountry "BLR"]
[BlackTeamCountry "ESP"]

{[%mdl 64]} 1. e4 c5 2. d3 Nc6 3. g3 g6 4. Bg2 Bg7 5. f4 d6 6. Nf3 Nf6 7. h3 e5
8. g4 exf4 9. Bxf4 d5 10. e5 Nd7 11. O-O O-O 12. Nc3 Ndxe5 13. Nxe5 Nxe5 14.
Nxd5 Be6 15. c4 Bxd5 16. Bxd5 Qd7 17. Rb1 Rae8 18. b4 cxb4 19. Rxb4 b6 20. Kh1
h5 21. d4 Nc6 22. Qa4 Rc8 23. Rb3 hxg4 24. Rg3 Bxd4 25. Rxg4 Kg7 26. Bh2 Bc5
27. Qb3 Rce8 28. Qc3+ f6 29. Rxg6+ $5 Kxg6 30. Qg3+ Kh7 $4 {[%mdl 8192]} (30...
Kh6 31. Rf4 Re5 $1 32. Rh4+ Rh5 33. Rxh5+ Kxh5 34. Qf3+ Kg6 35. Bxc6 Qd2 $19)
31. Rf4 $18 Be3 32. Rh4+ Bh6 33. Qd3+ Kg7 34. Bf4 Rh8 35. Qg3+ Kf8 36. Bd6+ 1-0

[Event "Olympiad-23"]
[Site "Buenos Aires"]
[Date "1978.11.02"]
[Round "8"]
[White "Lein, Anatoly"]
[Black "Polugaevsky, Lev"]
[Result "0-1"]
[WhiteElo "2505"]
[BlackElo "2620"]
[Annotator "Polugaevsky,L"]
[PlyCount "80"]
[EventDate "1978.10.25"]
[EventType "team-swiss"]
[EventRounds "14"]
[EventCountry "ARG"]
[SourceTitle "EXT 2000"]
[Source "ChessBase"]
[SourceDate "1999.11.16"]
[SourceVersion "1"]
[SourceVersionDate "1999.11.16"]
[SourceQuality "1"]
[WhiteTeam "US of America"]
[BlackTeam "Soviet Union"]
[WhiteTeamCountry "USA"]
[BlackTeamCountry "URS"]

{Inf.26/317} 1. e4 c5 2. b3 d6 3. Bb5+ Bd7 4. c4 (4. Bxd7+ $5) 4... Bxb5 5.
cxb5 a6 6. Nc3 Nf6 7. Nf3 (7. Qe2) 7... g6 (7... axb5 8. Nxb5 Nxe4 9. O-O $13)
8. Bb2 axb5 9. Nxb5 Bg7 10. O-O O-O 11. Qe2 e5 $1 12. d3 Nc6 13. a4 Re8 $1 (
13... Bh6 14. Ne1 {/\ g3}) 14. Rfd1 d5 15. Nd2 Bh6 $15 16. exd5 Nxd5 17. Nc4
Re6 18. g3 Qd7 19. Re1 Rae8 20. Qf3 Nd4 (20... Ndb4 21. Rad1 Nc2 22. Re2 e4 $2
23. Rxe4 $1) 21. Bxd4 exd4 22. Rxe6 Rxe6 23. Kg2 Bg7 $1 (23... Nc3 24. Nbd6 $1
$13) (23... Rf6 24. Qe4 Nc3 25. Nxc3 dxc3 26. Ne5 $1 {/\ Ng4}) 24. h4 h5 25.
Nd2 (25. Ra2 Rf6 26. Qe4 Nc3 27. Nxc3 dxc3 {/\ Re6-/+}) 25... Ne3+ $1 26. fxe3
dxe3 27. Rd1 (27. Ne4 $2 Qxd3 $19) 27... exd2 (27... Qxd3 $2 28. Nc4 Qc2+ 29.
Kh3 Rf6 30. Nxe3 $16) 28. Rxd2 Qe7 $17 29. Rf2 Re3 30. Qd5 Be5 31. Rf3 Re2+ 32.
Rf2 (32. Kf1 Bb8 33. Nc3 Re5 $17) 32... Re3 33. Rf3 Re2+ 34. Rf2 Bb8 $1 35. d4
(35. Nc3 Rxf2+ 36. Kxf2 Qf6+ $17) 35... cxd4 36. Qxd4 (36. Nxd4 $1 Re5 $1 37.
Qc4 Ba7 $17 (37... Rc5 $1 38. Qe2 Qd7 $17)) 36... Re4 $1 37. Qf6 Qd7 $1 $19 38.
Qc3 (38. Nc3 Re3 39. Rf3 Be5) 38... Be5 $1 39. Qc5 (39. Qd2 Qxd2 40. Rxd2 Re3
41. Rd8+ Kg7 42. Re8 Kf6) 39... Qg4 40. Qe7 Qxg3+ 0-1

[Event "Rohde op 07th"]
[Site "Sautron"]
[Date "2007.11.03"]
[Round "9"]
[White "Das, Arghyadip"]
[Black "Babaev, Rashad"]
[Result "1/2-1/2"]
[WhiteElo "2367"]
[BlackElo "2444"]
[Annotator "RR"]
[PlyCount "49"]
[EventDate "2007.10.27"]
[EventType "swiss"]
[EventRounds "9"]
[EventCountry "FRA"]
[SourceTitle "EXT 2008"]
[Source "ChessBase"]
[SourceDate "2007.11.25"]
[SourceVersion "1"]
[SourceVersionDate "2007.11.25"]
[SourceQuality "1"]

1. e4 c5 2. b3 {Cette ligne secondaire a gagné en popularité ces dernières
années.} d6 3. Bb2 Nf6 4. Bb5+ (4. Nc3 {Das,A (2367)-Edouard,R (2472) Rohde op
7th 2007 (3.3) 1/2}) 4... Bd7 (4... Nbd7 5. d3 g6 6. Bxd7+ Bxd7 7. f4 Bg7 8.
Nf3 O-O 9. O-O b5 {[%cal Gc5c4]}) 5. Bxd7+ Qxd7 6. d3 g6 7. f4 Bg7 8. Nf3 O-O
9. O-O Nc6 10. Nc3 ({RR} 10. Qe1 Rac8 11. Nbd2 Nb4 12. Qc1 b5 13. a3 Nc6 14.
Kh1 d5 15. e5 Ng4 16. Qe1 f6 17. h3 Nh6 18. g4 Nd8 19. Qg3 f5 20. g5 Nhf7 21.
h4 Ne6 22. Rf2 c4 23. bxc4 dxc4 24. dxc4 bxc4 {Aronian,L (2752)-Morozevich,A 
(2721)/Monte Carlo 2006/CBM 111 ext/0-1 (60)}) 10... Ne8 $146 ({RR} 10... d5
11. e5 Ne8 12. Ba3 f6 13. e6 Qxe6 14. Bxc5 d4 15. Nxd4 Qe3+ 16. Kh1 Nxd4 17.
Rf3 Qxf3 18. gxf3 f5 19. Bxd4 Bxd4 20. Qe1 Kf7 21. Rd1 Rc8 22. Ne2 Bf6 23. c4
Ng7 24. d4 Rfd8 25. Qa5 {Buecker,P (2360)-Emunds,H/Muenster 1989/EXT 1997/1-0 
(37)}) 11. Qe1 f5 $1 $11 12. Qh4 Nd4 $1 13. Nxd4 Bxd4+ 14. Kh1 Nf6 15. Rae1
fxe4 16. dxe4 Qg4 17. Qxg4 Nxg4 18. Nd1 Bxb2 19. Nxb2 b5 20. h3 Nf6 21. Kh2
Rac8 22. c4 a6 23. e5 Nh5 24. Nd3 Ng7 25. g4 1/2-1/2

[Event "ESP-chT CECLUB Honor"]
[Site "Melilla"]
[Date "2011.11.25"]
[Round "6"]
[White "Perez Candelario, Manuel"]
[Black "Inarkiev, Ernesto"]
[Result "1-0"]
[WhiteElo "2558"]
[BlackElo "2686"]
[Annotator "RR"]
[PlyCount "135"]
[EventDate "2011.11.21"]
[EventType "team-tourn"]
[EventRounds "7"]
[EventCountry "ESP"]
[SourceTitle "CBM 146"]
[Source "ChessBase"]
[SourceDate "2012.01.18"]
[SourceVersion "1"]
[SourceVersionDate "2012.01.18"]
[SourceQuality "1"]
[WhiteTeam "Linex Magic"]
[BlackTeam "Colegio Marcote EIKM"]
[WhiteTeamCountry "ESP"]
[BlackTeamCountry "ESP"]

1. e4 c5 2. Ne2 d6 3. g3 g6 4. Bg2 Bg7 5. c3 Nc6 6. d4 Qb6 7. d5 Ne5 8. f4 Nd7
9. O-O Ngf6 10. c4 Qb4 11. Na3 O-O 12. Qd3 Qa5 13. Bd2 Qd8 14. Nc2 b5 15. cxb5
a6 16. a4 Qb6 17. Qc4 Qb7 18. Nc3 Ne8 19. b4 axb5 20. axb5 Rxa1 21. Rxa1 Nc7
22. bxc5 Nxc5 23. Rb1 e6 24. Ne3 Qb6 25. Kh1 Bb7 26. dxe6 fxe6 27. f5 gxf5 28.
Nxf5 Nxe4 29. Ne7+ Kf7 30. Nxe4 Kxe7 {[%tqu "En","","","","d2e3","",10]} 31.
Be3 $1 Qa5 32. Bd2 Qb6 {[%tqu "En","","","","d2e3","",10]} 33. Be3 $1 Qa5 34.
Bg5+ Kd7 35. Nc5+ $1 dxc5 36. Bxb7 Bd4 37. Bc6+ (37. b6 Nb5 38. Qxb5+) 37...
Kd6 $18 38. Bf4+ e5 39. Bh6 Rf2 40. Qg8 Ne6 41. Qxh7 Qc7 42. Qe4 c4 43. Qd5+
Ke7 44. Qxc4 Qc8 45. Rf1 Qh8 46. Rxf2 Bxf2 47. Qh4+ Kd6 48. Qb4+ Bc5 49. Qd2+
Nd4 50. Qg5 Ne6 51. Qg6 Qd8 52. Kg2 Bd4 53. h4 Qe7 54. Bf3 Kc5 $2 (54... Kc7
55. h5 Qd6) 55. Qc2+ $18 Kxb5 56. Qc6+ Kb4 57. Bd2+ Ka3 58. Bc1+ Kb4 59. Bd2+
Ka3 60. Qa6+ Kb2 61. Bd5 Kc2 62. Qa2+ Bb2 63. Qb3+ Kxd2 64. Qxb2+ Kd3 65. Qb3+
Kd2 66. Bxe6 e4 67. Qd5+ Ke3 68. Qg5+ 1-0

[Event "ESP-chT CECLUB Honor"]
[Site "Melilla"]
[Date "2011.11.25"]
[Round "6"]
[White "Ibarra Jerez, Jose Carlos"]
[Black "Vera Gonzalez Quevedo, Reynaldo"]
[Result "1-0"]
[WhiteElo "2515"]
[BlackElo "2482"]
[Annotator "RR"]
[PlyCount "165"]
[EventDate "2011.11.21"]
[EventType "team-tourn"]
[EventRounds "7"]
[EventCountry "ESP"]
[SourceTitle "CBM 146"]
[Source "ChessBase"]
[SourceDate "2012.01.18"]
[SourceVersion "1"]
[SourceVersionDate "2012.01.18"]
[SourceQuality "1"]
[WhiteTeam "Reverte Albox"]
[BlackTeam "Cajacanarias"]
[WhiteTeamCountry "ESP"]
[BlackTeamCountry "ESP"]

1. e4 c5 2. b3 d6 3. Bb2 Nc6 4. f4 e6 5. Nf3 Nf6 6. Qe2 Be7 7. g3 O-O 8. Bg2 b6
9. O-O Bb7 10. d3 Qc7 11. Nc3 a6 12. Nd1 b5 13. Ne3 d5 14. e5 Nd7 15. c4 bxc4
16. bxc4 d4 17. Ng4 Rab8 18. Bc1 Ba8 19. h4 Rb6 20. Ng5 Bxg5 21. hxg5 Ne7 22.
Bxa8 Rxa8 23. Qh2 Nf5 24. Nf2 Rab8 25. Ne4 Rb1 26. Rxb1 Rxb1 27. g4 Ne7 28. Qc2
Qb6 $2 (28... Rb8 29. Kg2 Nc6 $11) 29. Nd2 $18 Ra1 30. Nb3 Rxc1 31. Rxc1 Ng6
32. Rf1 Qc6 33. Qg2 Qa4 34. Qd2 (34. f5 Ngf8 35. Qa8) 34... Nh4 35. Kh2 Qc6 36.
Kg3 Ng6 37. Qg2 Qc7 38. Qa8+ Ngf8 39. Qxa6 h6 40. Qa5 Qb8 41. Nxc5 hxg5 42.
Nxd7 Nxd7 43. Qd2 gxf4+ 44. Qxf4 Nxe5 45. g5 Qd6 46. Re1 f6 47. gxf6 gxf6 48.
Re4 Kg7 49. Rxd4 Qb6 50. Qe3 Qb8 51. Kh3 Qa8 52. Rh4 Nf7 53. Rg4+ Ng5+ 54.
Rxg5+ fxg5 55. Qxg5+ Kf7 56. Qf4+ Ke7 57. Qf2 Qa3 58. Qd2 Kd7 59. Kg2 Qa8+ 60.
Kf2 Qh1 61. Qf4 Qa1 62. Qf7+ Kd6 63. Qf8+ Kd7 64. Qa3 Qd1 65. Ke3 Qe1+ 66. Kd4
Qa1+ 67. Kc5 Qe5+ 68. Kb4 Qb8+ 69. Kc3 Qe5+ 70. Kb3 Qd4 71. Qa4+ Kc7 72. Qa5+
Kc8 73. Qa6+ Kc7 $2 (73... Kd8 74. Qa8+ Kc7) 74. c5 $18 Qe3 75. Qd6+ Kb7 76.
c6+ Kb6 77. Qb4+ Kxc6 78. Qe4+ Qxe4 79. dxe4 Kb5 80. a4+ Kc5 81. Kc3 e5 82. Kb3
Kd4 83. a5 1-0

[Event "URS-chT Cup 11th"]
[Site "Rostov on Don"]
[Date "1980.05.??"]
[Round "1"]
[White "Makarichev, Sergey"]
[Black "Popov, Nikolay"]
[Result "1-0"]
[WhiteElo "2495"]
[BlackElo "2425"]
[Annotator "RR"]
[PlyCount "109"]
[EventDate "1980.05.23"]
[EventType "team-tourn"]
[EventRounds "7"]
[EventCountry "URS"]
[SourceTitle "EXT 2020"]
[Source "ChessBase"]
[SourceDate "2019.10.17"]
[SourceVersion "1"]
[SourceVersionDate "2019.10.17"]
[SourceQuality "1"]
[WhiteTeam "Soviet Army"]
[BlackTeam "Lokomotiv"]
[WhiteTeamCountry "URS"]
[BlackTeamCountry "URS"]

1. e4 c5 2. g3 Nc6 3. Bg2 e6 4. Ne2 Nf6 5. d4 cxd4 6. Nxd4 d6 7. O-O Bd7 8. c4
$1 {[%csl Gd5,Rd6]} a6 9. Nc3 Rc8 10. Nxc6 Bxc6 11. Qe2 $14 Be7 12. Rd1 {
[%cal Ge4e5,Gc4c5]} Qc7 13. Bf4 O-O 14. Rac1 {[%cal Gc3d5,Gc1c7]} Rfd8 15. b3 (
15. Nd5 $6 {le théme habituel du vis-à-vis RQ est réfuté tactiquement} exd5 16.
cxd5 Bb5 $1) (15. Nb5 $5 axb5 16. cxb5 Qa5 17. bxc6 bxc6 18. a3 d5 $132) (15.
b4 Bf8 16. a4 Qb8 17. b5 $36 Be8 18. e5 $1) 15... h6 16. Qe1 {[%cal Gc3d5] Une
précaution avant de jouer le thématique Nd5} Bf8 17. Nd5 $1 exd5 18. cxd5 Nd7
19. dxc6 bxc6 20. Rc4 $1 {[%cal Gd1c1,Gc4a4]} (20. Qe2 $16 {[%csl Ra6]}) 20...
Ne5 21. Ra4 {[%csl Ra6]} Ra8 22. Qa5 $1 Qe7 23. Rad4 f6 {[%csl Re6,Rf7,Rg6] Un
peu risqué car les blancs ont gardé un B de cases blanches} 24. Qc3 Qc7 (24...
a5) (24... g5 25. Bxe5 fxe5 26. Rc4 c5 {[%csl Rd5]} 27. Bh3 {[%csl Rf8] les
noirs ont peut être des meilleures chances pratiques que dans la partie même
si la position noire est difficile а jouer а cause du mauvais B}) 25. Be3 $16 {
[%cal Gf2f4]} Rdb8 26. f4 $1 $40 {les noirs espéraient maintenir le N central
lorsqu'il ont joué f6 et maintenant les blancs ont le beurre et l'argent du
beurre!} Nf7 27. Rc4 Nd8 28. Bf1 $1 {[%cal Gc4d4,Gf1c4] Les blancs vont
réussir а faire jouer le B de cases blanches et l'affaiblissement f6 va se
faire sentir} (28. Bh3 a5 29. Bf5 Rb4 $5 30. Rd2 {[%cal Gd2a2]} Qb7 31. h4)
28... a5 29. Rcd4 Kh8 30. Bc4 {[%csl Gc4]} (30. Bd3 c5) 30... Rc8 31. Bd3 $1 {
[%csl Rh7][%cal Gd3b1,Gc3c2,Ge4e5]} Rcb8 32. Bb1 Qf7 33. Qc2 Qg6 34. a4 $6 {
Un coup bizarre} Rb4 35. Rxb4 axb4 36. Qd2 Qg4 37. Kg2 Rb8 38. h3 Qh5 39. g4
Qf7 40. Qd3 Qg6 41. Kf3 Be7 42. h4 h5 43. g5 fxg5 44. hxg5 Nf7 45. Ke2 h4 46.
Rh1 {[%csl Rh4]} Qh5+ 47. Kd2 Bxg5 $2 48. fxg5 Ne5 49. Qxd6 Re8 50. Kc1 h3 51.
Qd1 Nf3 52. e5 Qg4 53. Qd3 Nxg5 54. Qg6 Re6 55. Qxg5 1-0